| 000 | 00609nam a2200193Ia 4500 | ||
|---|---|---|---|
| 003 | SISC | ||
| 005 | 20160823091045.0 | ||
| 008 | 140527s9999 xx 000 0 und d | ||
| 020 | _a9789810696689 | ||
| 050 |
_aGT 3403 _b.V286 2012 |
||
| 100 | _aVan der Wagen, Lynn. | ||
| 245 |
_aEvents management : _bfor tourism, cultural, business, and sporting events / _cLynn Van DerWagen, Lauren White. |
||
| 250 | _a4th edition. | ||
| 260 |
_aManila : _bRex Book Store, _c2012. |
||
| 300 |
_a534 pages : _bill. ; _c25 cm. |
||
| 500 | _aIncludes appendix and index. | ||
| 942 |
_kLOC _cBK _2lcc |
||
| 999 |
_c117530 _d117530 |
||